00697cam a2200217 45000010005000000030008000050050017000130080039000300350019000690400032000880410008001200820013001281000046001412450087001872500011002742600040002853000036003255040041003616500039004027000038004419988BD-RjUL20211208234856.0140121s1969 maua b 001 0 eng a(BD-RjUL)10035 aDLCcDLCdDLCdBD-RjULbeng aeng00a545bFRQ1 aFritz, James S.q(James Sherwood),d1924-10aQuantitative analytical chemistryc[by] James S. Fritz [and] George H. Schenk, Jr. a2d ed. aBoston :bAllyn and Bacon ,cC1969. axii, 660 p. :billus. ;c24 cm. aIncludes bibliographical references. 0aChemistry, AnalyticxQuantitative.1 aSchenk, George H.,ejoint author.